Selections from educational records (Record no. 352106)

MARC details
000 -LEADER
fixed length control field 006080000a22002170004500
005 - DATE AND TIME OF LATEST TRANSACTION
control field 20120302060750.0
040 ## - CATALOGING SOURCE
Original cataloging agency ENG
100 ## - MAIN ENTRY--PERSONAL NAME
Personal name Richey,J.A.
245 ## - TITLE STATEMENT
Title Selections from educational records
260 ## - PUBLICATION, DISTRIBUTION, ETC. (IMPRINT)
Place of publication, distribution, etc Calcutta:Supretendent govt.Printing,1922
300 ## - PHYSICAL DESCRIPTION
Extent xiii;504P
365 ## - TRADE PRICE
Price amount Rs.
490 ## - SERIES STATEMENT
Series statement Bureau of education,India
650 ## - SUBJECT ADDED ENTRY--TOPICAL TERM
Topical term or geographic name as entry element Education
650 ## - SUBJECT ADDED ENTRY--TOPICAL TERM
Topical term or geographic name as entry element government board education
650 ## - SUBJECT ADDED ENTRY--TOPICAL TERM
Topical term or geographic name as entry element Educational records
650 ## - SUBJECT ADDED ENTRY--TOPICAL TERM
Topical term or geographic name as entry element Female education-earlier
650 ## - SUBJECT ADDED ENTRY--TOPICAL TERM
Topical term or geographic name as entry element Provisional development-Bengal-Mumbai-Madras-punjab
650 ## - SUBJECT ADDED ENTRY--TOPICAL TERM
Topical term or geographic name as entry element Professwional education
942 ## - ADDED ENTRY ELEMENTS (KOHA)
Koha item type Book
Holdings
Withdrawn status Lost status Damaged status Not for loan Home library Current library Date acquired Total Checkouts Barcode Date last seen Price effective from
        Institute For Oriental Study, Thane Institute For Oriental Study, Thane 12/02/2009   IOS-10408 12/02/2009 12/02/2009